[Event "16PCR_ZK06"]
[Site "?"]
[Date "2005.??.??"]
[Round "?"]
[White "Binas, Jindrich"]
[Black "Cvak, Rudolf"]
[Result "0-1"]
[WhiteElo "2114"]
[BlackElo "2040"]
[PlyCount "48"]
[EventDate "2005.??.??"]
[EventType "corr"]
[EventRounds "2"]
[SourceDate "2005.02.23"]

1. e4 e5 2. Nf3 Nc6 3. Bc4 Nf6 4. Ng5 d5 5. exd5 Na5 6. Bb5+ c6 7. dxc6 bxc6 8.
Qf3 h6 9. Ne4 Nd5 10. Be2 Be7 11. Qg3 O-O 12. d3 Bh4 13. Qf3 f5 14. Ng3 Bg5 15.
O-O Rb8 16. Nd2 Be6 17. Nb3 Nf4 18. Bxf4 exf4 19. h4 Bd5 20. Qh5 Nxb3 21. axb3
fxg3 22. hxg5 hxg5 23. fxg3 Qf6 24. Ra4 Rb7 0-1

[Event "16PCR_ZK06"]
[Site "?"]
[Date "2005.??.??"]
[Round "?"]
[White "Binas, Jindrich"]
[Black "Dudek, Karel"]
[Result "1-0"]
[WhiteElo "2114"]
[BlackElo "1987"]
[PlyCount "71"]
[EventDate "2005.??.??"]
[EventType "corr"]
[EventRounds "2"]
[SourceDate "2005.02.23"]

1. e4 d5 2. exd5 Nf6 3. d4 Nxd5 4. Nf3 Bg4 5. Be2 e6 6. O-O Nc6 7. h3 Bh5 8. b3
Be7 9. Bb2 O-O 10. g3 Bg6 11. c3 Bf5 12. Kg2 Bd6 13. c4 Ndb4 14. a3 Nc2 15. Ra2
Qf6 16. Bd3 Bxd3 17. Qxd3 N2b4 18. axb4 Nxb4 19. Qd2 Nxa2 20. c5 Be7 21. Qa5
Qf5 22. Qxa2 a6 23. Nc3 c6 24. Qb1 Qxb1 25. Rxb1 Rfd8 26. Re1 g6 27. Bc1 Bf6
28. Be3 Kg7 29. Bf4 Kg8 30. Na4 Ra7 31. Nb6 Be7 32. Bc7 Re8 33. Ne5 Bd8 34. Bb8
Bxb6 35. cxb6 Ra8 36. Bc7 1-0

[Event "16PCR_ZK06"]
[Site "?"]
[Date "2005.??.??"]
[Round "?"]
[White "Binas, Jindrich"]
[Black "Kudr, Roman"]
[Result "1/2-1/2"]
[WhiteElo "2114"]
[BlackElo "1987"]
[PlyCount "53"]
[EventDate "2005.??.??"]
[EventType "corr"]
[EventRounds "2"]
[SourceDate "2005.02.23"]

1. e4 c6 2. c4 g6 3. d4 Bg7 4. Nc3 d6 5. Be2 Nd7 6. Nf3 e5 7. O-O Ne7 8. Be3
O-O 9. Qd2 f5 10. dxe5 Nxe5 11. Rad1 Nxf3+ 12. Bxf3 Be6 13. b3 Be5 14. Bg5 Qc7
15. Bh6 Rf7 16. Bf4 Re8 17. Bxe5 dxe5 18. Qg5 Qa5 19. Rd3 b5 20. cxb5 cxb5 21.
exf5 Bxf5 22. Ne4 Bxe4 23. Bxe4 b4 24. Rd7 Kg7 25. h4 Qc5 26. h5 a5 27. Bd3
1/2-1/2

[Event "16PCR_ZK06"]
[Site "?"]
[Date "2005.??.??"]
[Round "?"]
[White "Binas, Jindrich"]
[Black "Trs, Jan"]
[Result "1/2-1/2"]
[WhiteElo "2114"]
[BlackElo "2220"]
[PlyCount "58"]
[EventDate "2005.??.??"]
[EventType "corr"]
[EventRounds "2"]
[SourceDate "2005.02.23"]

1. e4 c6 2. d4 d5 3. f3 e6 4. Nc3 Nf6 5. e5 Nfd7 6. f4 c5 7. dxc5 Bxc5 8. Qg4
O-O 9. Nf3 Qb6 10. Bd3 Bf2+ 11. Ke2 f5 12. Qh3 Nc5 13. Rf1 Nxd3 14. cxd3 Bc5
15. Na4 Qb4 16. Nxc5 Qxc5 17. Rd1 Qc2+ 18. Rd2 Qa4 19. d4 Bd7 20. b3 Qb4 21.
Kf2 Rc8 22. Bb2 a5 23. Kg1 a4 24. bxa4 Nc6 25. Qh5 h6 26. g4 fxg4 27. Qxg4 Qe7
28. Kh1 Rxa4 29. a3 Kh8 1/2-1/2

[Event "16PCR_ZK06"]
[Site "?"]
[Date "2005.??.??"]
[Round "?"]
[White "Binas, Jindrich"]
[Black "Vins, Karel"]
[Result "1-0"]
[WhiteElo "2114"]
[BlackElo "1621"]
[PlyCount "25"]
[EventDate "2005.??.??"]
[EventType "corr"]
[EventRounds "2"]
[SourceDate "2005.02.23"]

1. e4 e5 2. Nf3 Nc6 3. Bc4 Nf6 4. Ng5 d5 5. exd5 Nxd5 6. Nxf7 Kxf7 7. Qf3+ Ke6
8. Nc3 Nce7 9. d4 g6 10. Bg5 Qe8 11. Nxd5 Nxd5 12. Qxd5+ Kf5 13. h4 1-0

[Event "16PCR_ZK06"]
[Site "?"]
[Date "2005.??.??"]
[Round "?"]
[White "Binas, Jindrich"]
[Black "Vlcek, Alois"]
[Result "1-0"]
[WhiteElo "2114"]
[BlackElo "1812"]
[PlyCount "63"]
[EventDate "2005.??.??"]
[EventType "corr"]
[EventRounds "2"]
[SourceDate "2005.02.23"]

1. e4 e5 2. Nf3 Nc6 3. Bc4 Nf6 4. Ng5 d5 5. exd5 Na5 6. Bb5+ Bd7 7. Qe2 Bd6 8.
Nc3 b6 9. O-O O-O 10. Bd3 h6 11. Nge4 Nxe4 12. Nxe4 f5 13. Nxd6 cxd6 14. b4 Nb7
15. Bb2 Qe7 16. c4 Qf7 17. Bc2 Rae8 18. f4 e4 19. a4 Qg6 20. Ra3 Rf7 21. Rg3
Qh7 22. Qe3 Kf8 23. a5 Rfe7 24. axb6 a6 25. c5 Bb5 26. Rc1 Rc8 27. Bd1 dxc5 28.
bxc5 Na5 29. c6 Ree8 30. Rxg7 Qxg7 31. Bxg7+ Kxg7 32. Qc3+ 1-0

[Event "16PCR_ZK06"]
[Site "?"]
[Date "2005.??.??"]
[Round "?"]
[White "Cvak, Rudolf"]
[Black "Binas, Jindrich"]
[Result "0-1"]
[WhiteElo "2040"]
[BlackElo "2114"]
[PlyCount "50"]
[EventDate "2005.??.??"]
[EventType "corr"]
[EventRounds "2"]
[SourceDate "2005.02.23"]

1. e4 c5 2. Nf3 d6 3. d4 cxd4 4. Nxd4 Nf6 5. Nc3 g6 6. Be3 Bg7 7. f3 O-O 8. Qd2
Nc6 9. Bc4 Bd7 10. O-O-O Rc8 11. Bb3 Ne5 12. h4 h5 13. Bh6 Bxh6 14. Qxh6 Rxc3
15. bxc3 Qa5 16. Kb1 b5 17. g4 Qxc3 18. Qc1 hxg4 19. h5 g5 20. Qxg5+ Kh7 21.
Nf5 Bxf5 22. Qxf5+ Kh8 23. fxg4 Nc4 24. Bxc4 bxc4 25. Qb5 Nd7 0-1

[Event "16PCR_ZK06"]
[Site "?"]
[Date "2005.??.??"]
[Round "?"]
[White "Cvak, Rudolf"]
[Black "Dudek, Karel"]
[Result "1-0"]
[WhiteElo "2040"]
[BlackElo "1987"]
[PlyCount "45"]
[EventDate "2005.??.??"]
[EventType "corr"]
[EventRounds "2"]
[SourceDate "2005.02.23"]

1. e4 c5 2. Nf3 Nf6 3. e5 Nd5 4. d4 cxd4 5. Qxd4 e6 6. Bc4 Nc6 7. Qe4 Nb6 8.
Be2 d5 9. exd6 Bxd6 10. O-O O-O 11. Rd1 Qc7 12. Nc3 a6 13. Be3 Rd8 14. Rd2 Ne7
15. Bxb6 Qxb6 16. Rad1 Rd7 17. Qa4 Nd5 18. Nxd5 exd5 19. Rxd5 Kf8 20. Ng5 Bxh2+
21. Kxh2 Rxd5 22. Rxd5 Be6 23. Re5 1-0

[Event "16PCR_ZK06"]
[Site "?"]
[Date "2005.??.??"]
[Round "?"]
[White "Cvak, Rudolf"]
[Black "Kubecek, Jan"]
[Result "1-0"]
[WhiteElo "2040"]
[BlackElo "1771"]
[PlyCount "55"]
[EventDate "2005.??.??"]
[EventType "corr"]
[EventRounds "2"]
[SourceDate "2005.02.23"]

1. e4 c5 2. Nf3 d6 3. d4 cxd4 4. Nxd4 Nf6 5. Nc3 Nc6 6. Bg5 e6 7. Qd2 a6 8.
O-O-O Bd7 9. f4 b5 10. Bxf6 gxf6 11. Kb1 b4 12. Nce2 Qb6 13. Qd3 h5 14. Nxc6
Bxc6 15. Nd4 Bb7 16. Be2 Rc8 17. Rhe1 Be7 18. g3 h4 19. gxh4 Rxh4 20. Qg3 Rh8
21. e5 fxe5 22. fxe5 Bd5 23. Qg7 Rf8 24. exd6 Qxd6 25. Bf3 Bxf3 26. Nxf3 Qf4
27. Qg2 Bf6 28. Rf1 1-0

[Event "16PCR_ZK06"]
[Site "?"]
[Date "2005.??.??"]
[Round "?"]
[White "Cvak, Rudolf"]
[Black "Kudr, Roman"]
[Result "1/2-1/2"]
[WhiteElo "2040"]
[BlackElo "1987"]
[PlyCount "76"]
[EventDate "2005.??.??"]
[EventType "corr"]
[EventRounds "2"]
[SourceDate "2005.02.23"]

1. e4 c6 2. d4 d5 3. exd5 cxd5 4. c3 Nc6 5. Nf3 Qc7 6. Na3 a6 7. Bd3 e5 8. dxe5
Bxa3 9. bxa3 Nxe5 10. O-O Nxd3 11. Qxd3 Ne7 12. Re1 O-O 13. Bf4 Qc5 14. Qe3
Qxe3 15. Rxe3 Nf5 16. Rd3 Be6 17. h3 Ne7 18. Nd4 Nc6 19. Rg3 Rfc8 20. Rb1 Nxd4
21. cxd4 b5 22. a4 Bf5 23. Rb4 Rc4 24. Bd6 bxa4 25. Re3 Be6 26. a3 Rac8 27. Bc5
Rxb4 28. Bxb4 h5 29. h4 Rc6 30. Re2 f6 31. Bc5 Kf7 32. Kh2 g5 33. Kg3 Kg6 34.
Re1 Bf5 35. hxg5 Kxg5 36. Re8 Rc8 37. Rxc8 Bxc8 38. Kh2 h4 1/2-1/2

[Event "16PCR_ZK06"]
[Site "?"]
[Date "2005.??.??"]
[Round "?"]
[White "Cvak, Rudolf"]
[Black "Vins, Karel"]
[Result "1-0"]
[WhiteElo "2040"]
[BlackElo "1621"]
[PlyCount "69"]
[EventDate "2005.??.??"]
[EventType "corr"]
[EventRounds "2"]
[SourceDate "2005.02.23"]

1. e4 e5 2. Nf3 Nf6 3. Bc4 Bc5 4. d3 c6 5. Nc3 Qe7 6. O-O O-O 7. Bg5 h6 8. Bh4
d6 9. Na4 Bb6 10. Nxb6 axb6 11. a4 Be6 12. Nd2 Bxc4 13. Nxc4 Nbd7 14. Qf3 g5
15. Bg3 Qe6 16. Qe2 Ne8 17. b4 Nc7 18. Ne3 Qg6 19. Nf5 Rfe8 20. a5 bxa5 21.
Rxa5 Kh7 22. Qd2 Rxa5 23. bxa5 Na6 24. f3 b6 25. axb6 Qe6 26. Qa5 Nab8 27. c4
c5 28. b7 Rg8 29. Qc7 Rg6 30. Ra1 h5 31. Ra8 Rg8 32. h4 g4 33. f4 f6 34. Nxd6
Kg6 35. f5+ 1-0

[Event "16PCR_ZK06"]
[Site "?"]
[Date "2005.??.??"]
[Round "?"]
[White "Cvak, Rudolf"]
[Black "Vlcek, Alois"]
[Result "1-0"]
[WhiteElo "2040"]
[BlackElo "1812"]
[PlyCount "47"]
[EventDate "2005.??.??"]
[EventType "corr"]
[EventRounds "2"]
[SourceDate "2005.02.23"]

1. e4 e5 2. Nf3 Nc6 3. Bb5 a6 4. Ba4 Nf6 5. d4 exd4 6. O-O Be7 7. e5 Nd5 8.
Nxd4 O-O 9. Re1 Nxd4 10. Qxd4 Nb6 11. Bb3 c5 12. Qe4 Qc7 13. c4 Qc6 14. Nc3
Qxe4 15. Nxe4 f5 16. exf6 gxf6 17. Bf4 d5 18. Nd2 Bd8 19. cxd5 Kg7 20. Rac1 Nd7
21. Rc3 b5 22. Rg3+ Kf7 23. d6+ c4 24. Nxc4 1-0

[Event "16PCR_ZK06"]
[Site "?"]
[Date "2005.??.??"]
[Round "?"]
[White "Dudek, Karel"]
[Black "Binas, Jindrich"]
[Result "1/2-1/2"]
[WhiteElo "1987"]
[BlackElo "2114"]
[PlyCount "46"]
[EventDate "2005.??.??"]
[EventType "corr"]
[EventRounds "2"]
[SourceDate "2005.02.23"]

1. e4 c5 2. c3 Nf6 3. e5 Nd5 4. d4 cxd4 5. Nf3 e6 6. cxd4 d6 7. Bc4 Nb6 8. Bb5+
Bd7 9. Bg5 Be7 10. Bxe7 Qxe7 11. Bxd7+ N8xd7 12. O-O dxe5 13. dxe5 O-O 14. Nc3
Rfd8 15. Qe2 Nf8 16. Rfd1 Ng6 17. Qe4 Rac8 18. Rxd8+ Rxd8 19. Re1 a6 20. h4 h6
21. h5 Nf8 22. Qf4 Nd5 23. Nxd5 Rxd5 1/2-1/2

[Event "16PCR_ZK06"]
[Site "?"]
[Date "2005.??.??"]
[Round "?"]
[White "Dudek, Karel"]
[Black "Cvak, Rudolf"]
[Result "0-1"]
[WhiteElo "1987"]
[BlackElo "2040"]
[PlyCount "74"]
[EventDate "2005.??.??"]
[EventType "corr"]
[EventRounds "2"]
[SourceDate "2005.02.23"]

1. e4 e5 2. Nf3 Nc6 3. Bb5 a6 4. Bxc6 dxc6 5. d4 exd4 6. Qxd4 Qxd4 7. Nxd4 Bd6
8. Be3 Ne7 9. Nd2 f5 10. Bg5 Be5 11. c3 fxe4 12. Nxe4 Bxd4 13. cxd4 Nd5 14. O-O
h6 15. Bd2 Bf5 16. Ng3 O-O 17. Nxf5 Rxf5 18. Rfe1 Rd8 19. f3 Kf7 20. Re5 Rxe5
21. dxe5 Ne7 22. Bc3 g5 23. Rf1 Ke6 24. g3 c5 25. f4 g4 26. Kf2 Nf5 27. Ke2 c4
28. Rd1 Rxd1 29. Kxd1 b6 30. Ke2 c5 31. Bd2 b5 32. a3 Nd4+ 33. Ke3 Nb3 34. Bc3
a5 35. Ke4 b4 36. f5+ Ke7 37. axb4 cxb4 0-1

[Event "16PCR_ZK06"]
[Site "?"]
[Date "2005.??.??"]
[Round "?"]
[White "Dudek, Karel"]
[Black "Kubecek, Jan"]
[Result "1/2-1/2"]
[WhiteElo "1987"]
[BlackElo "1771"]
[PlyCount "65"]
[EventDate "2005.??.??"]
[EventType "corr"]
[EventRounds "2"]
[SourceDate "2005.02.23"]

1. e4 c5 2. f4 d5 3. exd5 Qxd5 4. Nc3 Qd6 5. d4 Bd7 6. Nf3 e6 7. Be3 cxd4 8.
Nxd4 Qb6 9. Rb1 Nf6 10. Nf5 Qc7 11. Nb5 Bxb5 12. Bxb5+ Nbd7 13. Nd4 Nd5 14. Qd2
Bc5 15. O-O O-O 16. c3 N7f6 17. Be2 Rfd8 18. Rbd1 Qb6 19. Rf3 Ng4 20. Bf2 Nxf2
21. Kxf2 Nb4 22. Kf1 Bxd4 23. cxd4 Nxa2 24. f5 e5 25. f6 Rd6 26. Qg5 Rxf6 27.
Rxf6 Qxf6+ 28. Qxf6 gxf6 29. dxe5 fxe5 30. Bc4 Nb4 31. Rd7 b5 32. Bxb5 f5 33.
Re7 1/2-1/2

[Event "16PCR_ZK06"]
[Site "?"]
[Date "2005.??.??"]
[Round "?"]
[White "Dudek, Karel"]
[Black "Kudr, Roman"]
[Result "0-1"]
[WhiteElo "1987"]
[BlackElo "1987"]
[PlyCount "50"]
[EventDate "2005.??.??"]
[EventType "corr"]
[EventRounds "2"]
[SourceDate "2005.02.23"]

1. e4 c6 2. d4 d5 3. exd5 cxd5 4. c4 Nf6 5. Nc3 e6 6. Nf3 Be7 7. cxd5 Nxd5 8.
Bd3 Nc6 9. O-O O-O 10. Re1 Nf6 11. Be3 Nb4 12. Bc4 a6 13. a3 b5 14. Bxe6 Bxe6
15. axb4 Bxb4 16. Ng5 Bc4 17. Qc2 Re8 18. b3 Bd5 19. Rec1 Rc8 20. Qb2 Bb7 21.
Na2 Bd6 22. Qd2 Rxc1+ 23. Rxc1 h6 24. Nf3 Bxf3 25. gxf3 Nd5 0-1

[Event "16PCR_ZK06"]
[Site "?"]
[Date "2005.??.??"]
[Round "?"]
[White "Dudek, Karel"]
[Black "Trs, Jan"]
[Result "0-1"]
[WhiteElo "1987"]
[BlackElo "2220"]
[PlyCount "56"]
[EventDate "2005.??.??"]
[EventType "corr"]
[EventRounds "2"]
[SourceDate "2005.02.23"]

1. e4 c6 2. d4 d5 3. exd5 cxd5 4. c4 Nf6 5. Nc3 e6 6. Nf3 Bb4 7. cxd5 Nxd5 8.
Bd2 Nc6 9. Be2 Nf6 10. O-O Nxd4 11. Nxd4 Qxd4 12. Nb5 Qxd2 13. Nc7+ Ke7 14.
Qxd2 Bxd2 15. Nxa8 Bd7 16. Nc7 a6 17. Rfd1 Bf4 18. Nxa6 bxa6 19. Bxa6 Rb8 20.
Rab1 Be5 21. Rd2 Bc6 22. f3 Nd5 23. Bd3 Bf4 24. Rdd1 Bb5 25. b3 Bd7 26. Re1 Nb4
27. Bxh7 g6 28. Re4 Nd5 0-1

[Event "16PCR_ZK06"]
[Site "?"]
[Date "2005.??.??"]
[Round "?"]
[White "Dudek, Karel"]
[Black "Vins, Karel"]
[Result "1-0"]
[WhiteElo "1987"]
[BlackElo "1621"]
[PlyCount "47"]
[EventDate "2005.??.??"]
[EventType "corr"]
[EventRounds "2"]
[SourceDate "2005.02.23"]

1. e4 e5 2. Nf3 Nc6 3. Bb5 a6 4. Bxc6 dxc6 5. d4 exd4 6. Qxd4 Qxd4 7. Nxd4 Nf6
8. O-O Bd7 9. Nc3 Bc5 10. Rd1 O-O 11. Nb3 Bd6 12. Bg5 Ng4 13. h3 Ne5 14. f4 Nc4
15. e5 Bxe5 16. Rxd7 Bd6 17. Be7 Bxe7 18. Rxe7 Rac8 19. Nc5 Nd6 20. Rae1 a5 21.
a4 Rfd8 22. N3e4 Nxe4 23. R7xe4 Kf8 24. Nxb7 1-0

[Event "16PCR_ZK06"]
[Site "?"]
[Date "2005.??.??"]
[Round "?"]
[White "Dudek, Karel"]
[Black "Vlcek, Alois"]
[Result "1-0"]
[WhiteElo "1987"]
[BlackElo "1812"]
[PlyCount "57"]
[EventDate "2005.??.??"]
[EventType "corr"]
[EventRounds "2"]
[SourceDate "2005.02.23"]

1. e4 e5 2. Nf3 Nc6 3. Bb5 a6 4. Bxc6 dxc6 5. d4 Bg4 6. dxe5 Qxd1+ 7. Kxd1
O-O-O+ 8. Ke1 Bxf3 9. gxf3 f6 10. exf6 Nxf6 11. Be3 h6 12. Nd2 Be7 13. Rg1 Nh5
14. f4 Rhf8 15. f5 c5 16. Rd1 b6 17. Nc4 Rde8 18. f3 Kb7 19. Ke2 Rd8 20. Rxd8
Rxd8 21. Rg6 Rf8 22. a4 a5 23. f4 Rf6 24. Kf3 Ka6 25. e5 Rxg6 26. fxg6 b5 27.
axb5+ Kxb5 28. Na3+ Kc6 29. Kg4 1-0

[Event "16PCR_ZK06"]
[Site "?"]
[Date "2005.??.??"]
[Round "?"]
[White "Kubecek, Jan"]
[Black "Cvak, Rudolf"]
[Result "0-1"]
[WhiteElo "1771"]
[BlackElo "2040"]
[PlyCount "44"]
[EventDate "2005.??.??"]
[EventType "corr"]
[EventRounds "2"]
[SourceDate "2005.02.23"]

1. d4 Nf6 2. Nf3 g6 3. c4 Bg7 4. Nc3 d6 5. e4 O-O 6. Be2 e5 7. O-O exd4 8. Nxd4
Re8 9. f3 Nbd7 10. Bg5 h6 11. Be3 Ne5 12. Qd2 Kh7 13. a4 a6 14. Rfd1 Bd7 15. b4
Qe7 16. Nd5 Nxd5 17. cxd5 f5 18. Re1 fxe4 19. fxe4 c5 20. dxc6 Nxc6 21. Rac1
Qxe4 22. Bf3 Qxe3+ 0-1

[Event "16PCR_ZK06"]
[Site "?"]
[Date "2005.??.??"]
[Round "?"]
[White "Kubecek, Jan"]
[Black "Trs, Jan"]
[Result "1/2-1/2"]
[WhiteElo "1771"]
[BlackElo "2220"]
[PlyCount "27"]
[EventDate "2005.??.??"]
[EventType "corr"]
[EventRounds "2"]
[SourceDate "2005.02.23"]

1. d4 Nf6 2. Nf3 d5 3. c4 c6 4. Nc3 e6 5. Bg5 h6 6. Bxf6 Qxf6 7. e3 Nd7 8. Bd3
dxc4 9. Bxc4 g6 10. Qb3 Bg7 11. Qa3 Bf8 12. Qb3 Bg7 13. Qa3 Bf8 14. Qb3 1/2-1/2

[Event "16PCR_ZK06"]
[Site "?"]
[Date "2005.??.??"]
[Round "?"]
[White "Kubecek, Jan"]
[Black "Vlcek, Alois"]
[Result "0-1"]
[WhiteElo "1771"]
[BlackElo "1812"]
[PlyCount "42"]
[EventDate "2005.??.??"]
[EventType "corr"]
[EventRounds "2"]
[SourceDate "2005.02.23"]

1. e4 e5 2. Nf3 Nc6 3. Bb5 a6 4. Ba4 Nf6 5. O-O Bc5 6. c3 b5 7. Bc2 d6 8. a4 b4
9. d4 exd4 10. cxd4 Ba7 11. Qd3 h6 12. Qc4 Bd7 13. d5 Ne7 14. Qxb4 Bc5 15. Qc4
a5 16. Nc3 c6 17. dxc6 Be6 18. Qb5 O-O 19. e5 Ne8 20. Ne4 Rb8 21. Qd3 Bf5 0-1

[Event "16PCR_ZK06"]
[Site "?"]
[Date "2005.??.??"]
[Round "?"]
[White "Kudr, Roman"]
[Black "Binas, Jindrich"]
[Result "1-0"]
[WhiteElo "1987"]
[BlackElo "2114"]
[PlyCount "37"]
[EventDate "2005.??.??"]
[EventType "corr"]
[EventRounds "2"]
[SourceDate "2005.02.23"]

1. e4 c5 2. Nf3 d6 3. d4 cxd4 4. Nxd4 Nf6 5. Nc3 g6 6. f3 Bg7 7. Be3 Nc6 8. Qd2
Bd7 9. Bc4 Rc8 10. Bb3 O-O 11. O-O Ne5 12. Qe2 a6 13. a4 Qc7 14. a5 Nc4 15.
Bxc4 Qxc4 16. Qd2 h5 17. Nb3 h4 18. Bg5 h3 19. e5 1-0

[Event "16PCR_ZK06"]
[Site "?"]
[Date "2005.??.??"]
[Round "?"]
[White "Kudr, Roman"]
[Black "Cvak, Rudolf"]
[Result "1/2-1/2"]
[WhiteElo "1987"]
[BlackElo "2040"]
[PlyCount "79"]
[EventDate "2005.??.??"]
[EventType "corr"]
[EventRounds "2"]
[SourceDate "2005.02.23"]

1. e4 e5 2. Nf3 Nc6 3. Bb5 a6 4. Ba4 Nf6 5. O-O Be7 6. Re1 b5 7. Bb3 O-O 8. a4
Bb7 9. d3 b4 10. Nbd2 Bc5 11. Nc4 Re8 12. Bg5 d5 13. exd5 Nd4 14. Rxe5 Rxe5 15.
Ncxe5 Nxb3 16. cxb3 Qxd5 17. Bxf6 gxf6 18. Ng4 Qe6 19. h3 f5 20. Nge5 f6 21.
Nc4 Kh8 22. d4 Ba7 23. Qe1 Qxe1+ 24. Rxe1 Bxf3 25. gxf3 Bxd4 26. f4 Ra7 27. Re7
c6 28. Rxa7 Bxa7 29. Na5 Kg7 30. Nxc6 Bc5 31. Nb8 a5 32. Nc6 Bb6 33. Ne7 Kf7
34. Nd5 Bc5 35. Ne3 Bxe3 36. fxe3 Kg6 37. Kf2 Kf7 38. Kf3 Ke7 39. h4 Kf7 40.
Kg3 1/2-1/2

[Event "16PCR_ZK06"]
[Site "?"]
[Date "2005.??.??"]
[Round "?"]
[White "Kudr, Roman"]
[Black "Dudek, Karel"]
[Result "1-0"]
[WhiteElo "1987"]
[BlackElo "1987"]
[PlyCount "55"]
[EventDate "2005.??.??"]
[EventType "corr"]
[EventRounds "2"]
[SourceDate "2005.02.23"]

1. e4 d5 2. exd5 Nf6 3. d4 Nxd5 4. Nf3 Bg4 5. Be2 e6 6. h3 Bh5 7. O-O Nc6 8. c4
Nb6 9. Be3 Be7 10. c5 Nd5 11. Qb3 Rb8 12. Nc3 O-O 13. Nxd5 exd5 14. Rfe1 Bf6
15. Qc3 a6 16. Ne5 Bxe2 17. Nxc6 bxc6 18. Rxe2 Re8 19. Rae1 Qd7 20. Qd3 g6 21.
b3 a5 22. Bf4 Rxe2 23. Rxe2 a4 24. bxa4 Rb4 25. Be5 Bxe5 26. Rxe5 Rxa4 27. Qe3
Ra8 28. Re7 1-0

[Event "16PCR_ZK06"]
[Site "?"]
[Date "2005.??.??"]
[Round "?"]
[White "Kudr, Roman"]
[Black "Vins, Karel"]
[Result "1-0"]
[WhiteElo "1987"]
[BlackElo "1621"]
[PlyCount "63"]
[EventDate "2005.??.??"]
[EventType "corr"]
[EventRounds "2"]
[SourceDate "2005.02.23"]

1. e4 e5 2. Nf3 Nc6 3. d4 exd4 4. Nxd4 Bc5 5. Be3 Nxd4 6. Bxd4 Bxd4 7. Qxd4 Qf6
8. e5 Qg6 9. Na3 c6 10. Nc4 Ne7 11. Nd6+ Kf8 12. O-O-O Nf5 13. Qf4 Qh6 14. Qxh6
Nxh6 15. Nxc8 Rxc8 16. Rxd7 Rb8 17. Be2 Re8 18. Rxb7 Rxe5 19. Rd1 Rxe2 20. Rd8+
Re8 21. Rxe8+ Kxe8 22. Rb8+ Ke7 23. Rxh8 Ng4 24. Rxh7 Nxf2 25. Rxg7 Ke6 26. h4
Ne4 27. Rg8 Nf6 28. Ra8 Nh5 29. Rxa7 Nf4 30. g4 Ne2+ 31. Kd1 Nf4 32. h5 1-0

[Event "16PCR_ZK06"]
[Site "?"]
[Date "2005.??.??"]
[Round "?"]
[White "Kudr, Roman"]
[Black "Vlcek, Alois"]
[Result "1-0"]
[WhiteElo "1987"]
[BlackElo "1812"]
[PlyCount "63"]
[EventDate "2005.??.??"]
[EventType "corr"]
[EventRounds "2"]
[SourceDate "2005.02.23"]

1. e4 e5 2. Nf3 Nc6 3. Bb5 a6 4. Ba4 Nf6 5. O-O Be7 6. Re1 b5 7. Bb3 O-O 8. a4
b4 9. c3 a5 10. d4 d6 11. d5 Nb8 12. cxb4 axb4 13. Qc2 Nh5 14. Be3 f5 15. Nxe5
Qe8 16. Qxc7 f4 17. Bd4 Kh8 18. Nf3 Rf7 19. e5 Qf8 20. Nbd2 Ba6 21. e6 Rf5 22.
Bc2 Nf6 23. Bxf5 Nxd5 24. Qc2 h6 25. Be4 Bb7 26. Qc4 Ra5 27. Nb3 Ba6 28. Qc2
Ne3 29. fxe3 Rh5 30. Qc7 fxe3 31. Ba7 g5 32. Bd4+ 1-0

[Event "16PCR_ZK06"]
[Site "?"]
[Date "2005.??.??"]
[Round "?"]
[White "Trs, Jan"]
[Black "Binas, Jindrich"]
[Result "1-0"]
[WhiteElo "2220"]
[BlackElo "2114"]
[PlyCount "45"]
[EventDate "2005.??.??"]
[EventType "corr"]
[EventRounds "2"]
[SourceDate "2005.02.23"]

1. d4 d5 2. c4 e6 3. Nc3 c5 4. cxd5 exd5 5. Nf3 Nc6 6. g3 Nf6 7. Bg2 Be7 8. O-O
O-O 9. dxc5 Bxc5 10. Bg5 d4 11. Bxf6 Qxf6 12. Nd5 Qd6 13. Nd2 Be6 14. Nf4 Bb6
15. Rc1 Rfe8 16. a3 Qd7 17. Nc4 Bxc4 18. Rxc4 Rad8 19. Rc2 Bc7 20. Nd3 Bd6 21.
Qd2 Re7 22. Rfc1 h6 23. Rc4 1-0

[Event "16PCR_ZK06"]
[Site "?"]
[Date "2005.??.??"]
[Round "?"]
[White "Trs, Jan"]
[Black "Dudek, Karel"]
[Result "1-0"]
[WhiteElo "2220"]
[BlackElo "1987"]
[PlyCount "49"]
[EventDate "2005.??.??"]
[EventType "corr"]
[EventRounds "2"]
[SourceDate "2005.02.23"]

1. c4 e5 2. Nc3 Nf6 3. Nf3 Nc6 4. g3 Bb4 5. Nd5 e4 6. Nh4 Bc5 7. Bg2 d6 8. O-O
Be6 9. Nxf6+ Qxf6 10. Bxe4 Bxc4 11. Qa4 d5 12. d3 a6 13. Bg2 Bb5 14. Qc2 Bb6
15. Nf3 Qe7 16. a4 Nb4 17. Qc3 Bc6 18. Qxg7 O-O-O 19. Bg5 Qf8 20. Bh3+ Kb8 21.
Qxf8 Rdxf8 22. a5 Bc5 23. Rfc1 Bd6 24. Bf6 Rhg8 25. Bf5 1-0

[Event "16PCR_ZK06"]
[Site "?"]
[Date "2005.??.??"]
[Round "?"]
[White "Trs, Jan"]
[Black "Vins, Karel"]
[Result "1-0"]
[WhiteElo "2220"]
[BlackElo "1621"]
[PlyCount "53"]
[EventDate "2005.??.??"]
[EventType "corr"]
[EventRounds "2"]
[SourceDate "2005.02.23"]

1. e4 e5 2. Nf3 Nc6 3. Bb5 a6 4. Ba4 Nf6 5. O-O Be7 6. Re1 b5 7. Bb3 d6 8. c3
Na5 9. Bc2 c5 10. d4 Qc7 11. a4 b4 12. cxb4 cxb4 13. h3 h6 14. Be3 Nc4 15. Nbd2
Nxd2 16. Nxd2 a5 17. Rc1 Qb7 18. Qf3 Be6 19. dxe5 dxe5 20. Qg3 Kf8 21. Qxe5 Nd7
22. Qg3 f6 23. Nf3 Bf7 24. Bd3 Rc8 25. Rxc8+ Qxc8 26. Rc1 Qb7 27. Rc7 1-0

[Event "16PCR_ZK06"]
[Site "?"]
[Date "2005.??.??"]
[Round "?"]
[White "Trs, Jan"]
[Black "Vlcek, Alois"]
[Result "1-0"]
[WhiteElo "2220"]
[BlackElo "1812"]
[PlyCount "60"]
[EventDate "2005.??.??"]
[EventType "corr"]
[EventRounds "2"]
[SourceDate "2005.02.23"]

1. e4 e5 2. Nf3 Nc6 3. Bb5 a6 4. Ba4 Nf6 5. O-O b5 6. Bb3 Bc5 7. a4 b4 8. Nxe5
Nxe5 9. d4 Bxd4 10. Qxd4 Nc6 11. Qd3 O-O 12. Bg5 Qe8 13. Bxf6 gxf6 14. Bd5 Bb7
15. Qg3+ Kh8 16. Qxc7 Rb8 17. Nd2 Ba8 18. Nc4 Rc8 19. Qf4 Qe7 20. Rad1 Ne5 21.
Nb6 Rxc2 22. Bxa8 Rg8 23. Nd5 Qe6 24. Ne3 Ng6 25. Qh6 Re2 26. Bd5 Qe8 27. Bc4
Rxe3 28. Qxe3 a5 29. f4 Rg7 30. Rd5 Qd8 1-0

[Event "16PCR_ZK06"]
[Site "?"]
[Date "2005.??.??"]
[Round "?"]
[White "Vins, Karel"]
[Black "Binas, Jindrich"]
[Result "0-1"]
[WhiteElo "1621"]
[BlackElo "2114"]
[PlyCount "42"]
[EventDate "2005.??.??"]
[EventType "corr"]
[EventRounds "2"]
[SourceDate "2005.02.23"]

1. e4 c5 2. Nf3 d6 3. d4 cxd4 4. Nxd4 Nf6 5. Nc3 g6 6. Bc4 Bg7 7. Be3 Nc6 8. f3
O-O 9. Qd2 Bd7 10. g4 Rc8 11. Bd3 d5 12. exd5 Nxd5 13. Nxd5 Nxd4 14. Bxd4 Bxd4
15. c3 Bxg4 16. fxg4 Qxd5 17. Rf1 Rxc3 18. bxc3 Qe5+ 19. Qe2 Bxc3+ 20. Kd1 Bxa1
21. Qxe5 Bxe5 0-1

[Event "16PCR_ZK06"]
[Site "?"]
[Date "2005.??.??"]
[Round "?"]
[White "Vins, Karel"]
[Black "Cvak, Rudolf"]
[Result "0-1"]
[WhiteElo "1621"]
[BlackElo "2040"]
[PlyCount "60"]
[EventDate "2005.??.??"]
[EventType "corr"]
[EventRounds "2"]
[SourceDate "2005.02.23"]

1. e4 e6 2. d4 d5 3. Nd2 c5 4. exd5 Qxd5 5. Ndf3 Nf6 6. Be3 Ng4 7. Bb5+ Nd7 8.
Ne2 Nxe3 9. fxe3 cxd4 10. Bxd7+ Bxd7 11. Qxd4 Qa5+ 12. Qd2 Qxd2+ 13. Nxd2 Rc8
14. c3 e5 15. Ng3 h5 16. O-O h4 17. Nge4 Rh6 18. Rf2 Be7 19. Nb3 Ra6 20. Nc1
Be6 21. a3 f5 22. Nd2 Bc5 23. Re2 f4 24. Kf2 Rd8 25. Nf3 Bc4 26. Re1 fxe3+ 27.
Rxe3 e4 28. Nd4 Rxd4 29. cxd4 Bxd4 30. Ne2 Rf6+ 0-1